Quizzes
Events
Quiz Creation
Community
Videos
Private Events
Remove Ads
Sign In
Join for FREE
Feedback
Dark Mode
Quiz Categories
Sports
Geography
Music
Movies
Television
Just For Fun
Miscellaneous
History
Literature
Language
Science
Gaming
Entertainment
Religion
Holiday
For Kids
Quiz Lab
Recent
Popular Today
Quiz Kudos Today
Editor Picks
Curator Picks
Quizzes by...
Day
Popularity
Type
Ratings
Length
Year
Community
Subscriptions
Recent Discussions
Orange Saloon
Badges
Playlists
Quests
Create
Leaderboards
Showdown
Live 5
Trivia Bingo
Activity
Puzzle Library
Sporcle Events
Private Events
Virtual Trivia
Globe League
Become a Host
Pub Owners
SporcleCon
Opinionation
Our Games
Videos
Blog
Mobile Apps
Partnerships
Remove Ads and Go Orange
Feedback
Entertainment
Celebrity
Famous
Musical
Broadway
Show
Quote
Comic Books
Anime
Superhero
DC Comics
Marvel
Cartoons
Animation
Entertainment
Celebrity
Famous
Musical
Broadway
Show
Quote
Comic Books
Anime
Superhero
DC Comics
Marvel
Cartoons
Animation
Random Quiz
Search Sporcle
×
Quiz Lab
Quiz Lab
Entertainment
Character
Type in answers that appear in a list
Type in answers that appear in a list
Classic
Best Score? Go Orange.
Barry Pepper Movies Stats
Can you name the Barry Pepper Movies?
By
giffer44
4m
11 Questions
58 Plays
58 Plays
58 Plays
Comments
Comments
Give Quiz Kudos
Give Quiz Kudos
-
- Ratings
hide this ad
Replay
Link that replays current quiz
Next Quiz
Link to next quiz in quiz playlist
You Got
0%
They Got
Avg Score
39%
Avg Friend Score
Upgrade to see
Score Distribution
Jump to the score distribution portion of the page
Score
0/11
Timer
04:00
0
Plays Today
Character
Movie Title
% Correct
Pvt. Daniel Jackson
Saving Private Ryan
93.1%
Dean Stanton
The Green Mile
62.1%
Jonnie 'Goodboy' Tyler
Battlefield Earth
50%
Roger Maris
61*
44.8%
Matty Demaret
Knockaround Guys
36.2%
David Pratt
Enemy of the State
29.3%
Dale Earnhardt
3: The Dale Earnhardt story
29.3%
Mike Strank
Flags of our Fathers
27.6%
Joe Galloway
We Were Soldiers
24.1%
Dan
Seven Pounds
22.4%
Tom Ripley
Ripley Under Ground
19%
Quiz Playlist
Details
Report
Send in Message
Add To Playlist
Classic:
Type in answers that appear in a list
Last Updated: Feb 16, 2017
Quiz Scoreboard
CHALLENGE
Sign Up to Join the Scoreboard
Show All
Scores
Hide
Comments
May contain spoilers
Recently Published
Click the 1999 NBA Draft
by nibperrychub
Sports
2m
Alphabetical 'K' Countries by Flag Minefield
by ylime102
Geography
3m
Pick 6: Fruits
by JohnFran
Miscellaneous
15s
More to Explore
Quiz From the Vault
Featured Blog Post
15 Basketball Trivia Facts You Can Be March Mad About
hide this ad
You Might Also Like...
Tags
Character
Movie Stars
Today's Top Quizzes in Entertainment
Browse Entertainment
hide this ad
Today's Top Quizzes in Character
Browse Character
Top Contributed Quizzes in Entertainment
1
Marvel, Role-Playing, Shakespeare, and Cats, Oh My!
2
Picture Click Blitz: Snow White
3
Criteria Comics (DC vs. Marvel)
4
Double Word Hourglass: Comic Book Publishers
5
Comic Character by Cover Artist Pt 490 (Billy Tan)
6
Click the Fictional Jane
7
Click the Fictional Jill
8
The Joker Actors by Order
9
Marvel Picture Find: Capcom
10
Click the Fictional John
Explore More
Trending Topics
Anime
NBA
Harry Potter
Disney
Crossword
Kpop
Marvel
NFL
Song
Puzzle
Soccer
Country
The Office
Pokémon
WWE
hide this ad
More By:
giffer44
Quiz
Plays
Rating
Category
Featured
Created
Barry Pepper Movies
58
4.00
Entertainment
Oct 20, 2010
Go to Creator's Profile
Score Distribution
Quiz Creator Spotlight
giffer44
Follow
Send a Message
Quizzes Created
-
Created Quiz Play Count
-
More By This Creator
Popular Quizzes Today
1
Find the US States - No Outlines Minefield
2
Countries of Asia Without Outlines Minefield
3
Pick 6: Fruits
4
The Countries of the World
5
Alphabetical 'K' Countries by Flag Minefield
6
Click the 1999 NBA Draft
7
Match the Book to the Film X
8
Find the US States
More Entertainment Quizzes
The Magnus Archives Quotes
Quiz Lab
Trending Quizzes
Pick 6: Harry Potter
Pick 6: Mountains
Pick 6: NFL Teams
Pick 6: Movie Franchises
Pick 6: Golfers
Recently Updated
Women's Final Four Teams by Year
bhenderson79
Presidents Quartet II
eogle
Anything But Clue(do)
eogle
Anything But Oceanian Capitals
eogle
Anything But 7
eogle
Anything But Thing
eogle
Word Ladder: February 29
pecheneg
Song Title Questions
pecheneg
Women's NCAA Tournament #1 Seeds
pecheneg
Celebrity Mug Shots
pecheneg
Trending Topics
Anime
Harry Potter
Marvel
Disney
Kpop
NBA
Crossword
WWE
The Office
Soccer
Puzzle
Song
Country
Pokémon
NFL
Your Account Isn't Verified!
In order to create a playlist on Sporcle, you need to verify the email address you used during registration. Go to your
Sporcle Settings
to finish the process.
Report this User
Report this user for behavior that violates our
Community Guidelines
.
Details:
Send Report
Go to the Sporcle.com Mobile Site →
Comments